000 00482nam a2200181Ia 4500
001 9036
005 20260306160654.0
008 260306t2014||||xx |||||||||||||| ||spa||
041 _aESP
082 _a372.4
_bC33
100 _aCastedo, Mirta Luisa
_eAUT
245 0 _aEnseñar y aprender a leer:
_bjardín de infantes y primer ciclo de la educación básica
260 _c2014
300 _a94 páginas :
_c26 cm.
650 _aGEN
654 _aCED
942 _cLIB
_dJUS
_fJUS
_2ddc
_n
999 _c9036
_d9036